=LDR 00000nam 2200000 4500 =001 INLIS000000000054155 =005 20200701011348 =035 ##$$a 0010-0719000032 =008 200701################g##########0#ind## =020 ##$$a 978-979-013-097 =082 ##$$a 2x5. 4 =084 ##$$a 2x5. 4 AYY d =100 #$$a Ayanih, ummi =245 1#$$a Dahsyatnya shalat dan doa ibu : $b Penuntun menggapai shalat khusyuk bagi wanita muslimah /$c Ummi ayanih;Penyunting, shinta dewi ardhiyanti, ariany syurfah =250 ##$$a Cet. 1 =260 ##$$a Jakarta :$b Ras,$c 2010 =300 ##$$a 283 hlm : $b Ilus ; $c 15 x 23 cm =650 #4$$a Shalat =504 ##$$a Bibliografi : hlm. 281 - 282 =504 ##$$a Biografi : hlm. 283 =990 ##$$a 25. 279/Pb- 2011 =990 ##$$a 25. 279/Pb- 2011